000 00478nam a22001817a 4500
005 20251108172832.0
008 250721s2001 xx 000 0 ara d
082 1 4 _aF/WIL
100 1 _aويلز، هـ . أ
245 1 4 _aThe Invisible Man /
246 1 1 _aالرجل الخفي
264 1 _aالقاهرة :
_bدار الطلائع،
_c2001.
300 _a143 ص.
650 1 7 _aFICTION
700 1 _aالجوهري، علي
_etran.
942 _2ddc
_cBK
999 _c89650
_d89650